000 00303 a2200133 4500
001 156048
040 _cEscola São Tomás de Aquino
100 _aSMOLE, Kátia Stocco
240 1 0 _aFaça Matemática !
_lpor
245 1 0 _aFaça Matemática !
362 0 _a2016
697 _aMATEMÁTICA
942 _cBK
999 _c156048
_d156048